[Event "Vaujany Accession"]
[Site "?"]
[Date "2015.07.14"]
[Round "6.1"]
[White "Saya, Ethan"]
[Black "David, Bogdan"]
[Result "0-1"]
[WhiteElo "1627"]
[BlackElo "1852"]
[PlyCount "60"]

1. e4 d6 2. d4 Nf6 3. Nc3 g6 4. Be3 c6 5. f3 b5 6. g4 Nbd7 7. g5 Nh5 8. Qd2 Bb7
9. Be2 Nb6 10. b3 a6 11. f4 Ng7 12. Nf3 Qc7 13. O-O c5 14. d5 f5 15. e5 b4 16.
Na4 Nxd5 17. exd6 exd6 18. Bc4 Ne7 19. Rad1 d5 20. Be2 d4 21. Bf2 O-O-O 22. Ne5
Nc6 23. Nb6+ Qxb6 24. Nf7 Bd6 25. Bc4 Na5 26. Nxh8 Nxc4 27. bxc4 Qc6 28. Bg3
Qh1+ 29. Kf2 Qg2+ 30. Ke1 Re8+ 0-1

[Event "Vaujany Accession"]
[Site "?"]
[Date "2015.07.14"]
[Round "6.2"]
[White "Guillaumat, Jean Pierre"]
[Black "Skomorokhina, Ekaterina"]
[Result "1/2-1/2"]
[WhiteElo "1828"]
[BlackElo "1730"]
[PlyCount "55"]

1. d4 Nf6 2. Nf3 e6 3. c4 Bb4+ 4. Bd2 Qe7 5. a3 Bxd2+ 6. Nbxd2 a5 7. g3 d6 8.
Bg2 Nc6 9. O-O O-O 10. e4 e5 11. d5 Nd8 12. Rc1 a4 13. Qc2 b6 14. Nh4 g6 15. f4
exf4 16. Rxf4 Nh5 17. Rf2 Nb7 18. Ndf3 Nf6 19. Nd4 Bd7 20. Re1 Ng4 21. Rfe2 Ne5
22. Qc3 Nc5 23. Re3 Ng4 24. R3e2 Ne5 25. Re3 Ng4 26. R3e2 Ne5 27. Re3 Ng4 28.
R3e2 1/2-1/2

[Event "Vaujany Accession"]
[Site "?"]
[Date "2015.07.14"]
[Round "6.3"]
[White "Plug, Arjan"]
[Black "Djidjeli, Sofiane"]
[Result "0-1"]
[WhiteElo "1862"]
[BlackElo "1724"]
[PlyCount "62"]

1. e4 c6 2. d4 d5 3. e5 c5 4. c3 Nc6 5. Nf3 Bg4 6. Be2 e6 7. Be3 cxd4 8. Bxd4
Nge7 9. Qa4 Bxf3 10. Bxf3 Nf5 11. Nd2 Nfxd4 12. cxd4 Qb6 13. Nb3 Bb4+ 14. Kf1
O-O 15. a3 Be7 16. Bg4 a6 17. Rc1 Qa7 18. Nc5 Bxc5 19. dxc5 Nxe5 20. Be2 Rfd8
21. f4 Nc6 22. Bd3 Qb8 23. g3 e5 24. fxe5 Qxe5 25. Qh4 g6 26. b4 Qb2 27. Qh6
Ne5 28. Be2 d4 29. Qf4 d3 30. Re1 dxe2+ 31. Rxe2 Rd1+ 0-1

[Event "Vaujany Accession"]
[Site "?"]
[Date "2015.07.14"]
[Round "6.4"]
[White "Labarthe, Arnaud"]
[Black "Trin, Pierre"]
[Result "0-1"]
[WhiteElo "1811"]
[BlackElo "1756"]
[PlyCount "94"]

1. d4 Nf6 2. Nc3 d5 3. Bg5 c5 4. e4 dxe4 5. d5 Qb6 6. Rb1 Bf5 7. Nge2 Nbd7 8.
Ng3 Bg6 9. a3 O-O-O 10. b4 e6 11. bxc5 Qxc5 12. Rb3 Nb6 13. Be3 Qa5 14. Qd2
Nfxd5 15. Ncxe4 Qxd2+ 16. Bxd2 Na4 17. Bd3 Nc5 18. Nxc5 Bxc5 19. Bxg6 hxg6 20.
O-O Nf6 21. Bg5 Rd7 22. Rc3 Rc7 23. Bxf6 gxf6 24. Ne4 Be7 25. a4 Rd8 26. Rb1 f5
27. Rxc7+ Kxc7 28. Nc3 a6 29. Kf1 Rd2 30. Nd1 Rxc2 31. Ne3 Ra2 32. Rc1+ Kb8 33.
Rc4 b6 34. g3 Bc5 35. Rh4 Kc7 36. a5 Rxa5 37. Rh7 Bxe3 38. Rxf7+ Kd6 39. fxe3
Ra3 40. Rg7 Ra1+ 41. Kg2 b5 42. Rxg6 b4 43. g4 b3 44. gxf5 b2 45. Rxe6+ Kd7 46.
Rb6 b1=Q 47. Rxb1 Rxb1 0-1

[Event "Vaujany Accession"]
[Site "?"]
[Date "2015.07.14"]
[Round "6.5"]
[White "Baudewyn, Ludovic"]
[Black "David, Dorian-Ciprian"]
[Result "0-1"]
[WhiteElo "1808"]
[BlackElo "1730"]
[PlyCount "76"]

1. d4 b5 2. Bg5 Bb7 3. Nd2 h6 4. Bh4 Nf6 5. e3 a6 6. Ngf3 e6 7. a4 b4 8. c4 c5
9. Bxf6 Qxf6 10. e4 cxd4 11. e5 Qf5 12. Qb1 Qxb1+ 13. Rxb1 Bxf3 14. Nxf3 Nc6
15. Bd3 f5 16. exf6 gxf6 17. Nd2 Be7 18. O-O O-O-O 19. c5 Kb7 20. Nb3 f5 21.
Rbc1 Rhg8 22. Be2 Bf6 23. Bf3 Kc7 24. Be2 Ra8 25. Rfd1 e5 26. Bc4 Rg7 27. Bd5
Rd8 28. Rc4 Rb8 29. Bxc6 dxc6 30. f4 Rbg8 31. Rd2 d3 32. fxe5 Bxe5 33. Nd4 Rg4
34. Nf3 Rxc4 35. Nxe5 Rc1+ 36. Kf2 Rc2 37. Nf3 Rxd2+ 38. Nxd2 Re8 0-1

[Event "Vaujany Accession"]
[Site "Villaz"]
[Date "2015.07.14"]
[Round "6.6"]
[White "Lees, Jean-Pierre"]
[Black "Mathieu, Phileas"]
[Result "1/2-1/2"]
[WhiteElo "1779"]
[BlackElo "1696"]
[Annotator "Jean-pierre,LEES"]
[PlyCount "66"]
[EventDate "2015.07.08"]

{1024MB, Fritz8.ctg} 1. d4 Nf6 2. c4 g6 3. Nc3 Bg7 4. e4 d6 5. Be2 O-O 6. Nf3
e5 7. O-O Nc6 8. d5 Ne7 9. Ne1 Nd7 10. Be3 f5 11. f3 f4 12. Bf2 g5 13. a4 a5
14. Nd3 Nf6 (14... b6 15. b4) (14... Ng6 15. c5 Nf6) 15. c5 Ng6 16. cxd6 (16.
Rc1 Rf7 17. cxd6 cxd6) 16... cxd6 17. b4 h5 18. bxa5 g4 19. Bb6 Qe7 20. Rc1 {
[%emt 0:00:00]} (20. Nb5 {[%emt 0:00:00]} g3 {[%emt 0:00:00]}) 20... g3 21. Nb5
Nh7 22. Rxc8 (22. Kh1 $142 Qh4 23. Bg1 Ng5 24. Qd2 Rd8 (24... Nh3 25. gxh3 Bxh3
26. Ne1)) 22... Raxc8 23. h3 Qd7 24. Re1 Nh4 25. Bf1 Ng5 26. Nb2 Bf6 27. Qe2
Kh8 28. Nc4 $2 (28. Kh1 $142 Rg8 29. Nc4 Ngxf3 30. Rc1 Be7 31. Rc3) 28... Rg8 (
28... Ngxf3+ $142 {etait gagnant pour les noirs} 29. Kh1 (29. gxf3 g2 30. Bxg2
Rg8 31. Kf1 Nxg2) 29... Rxc4) 29. Ncxd6 Nxh3+ (29... Ngxf3+ 30. Kh1 Nxe1 31.
Qxe1 Ra8 32. Be2 $17) 30. Kh1 Nf2+ 31. Bxf2 gxf2 32. Qxf2 Rcf8 33. Rc1 Bd8
1/2-1/2

[Event "Vaujany Accession"]
[Site "?"]
[Date "2016.02.12"]
[Round "7.1"]
[White "David, Bogdan Emmanuel"]
[Black "Djidjeli, Sofiane"]
[Result "1-0"]
[WhiteElo "1852"]
[BlackElo "1724"]
[PlyCount "123"]

1. e4 c5 2. Nf3 Nc6 3. d4 cxd4 4. Nxd4 e5 5. Nb5 d6 6. N1c3 a6 7. Na3 Be7 8.
Nd5 Nf6 9. Nxf6+ Bxf6 10. Nc4 O-O 11. Be3 b5 12. Nb6 Rb8 13. Nd5 Bg5 14. c3
Bxe3 15. Nxe3 Be6 16. Be2 Ne7 17. O-O d5 18. exd5 Nxd5 19. Nxd5 Qxd5 20. a3 Qb3
21. Qxb3 Bxb3 22. Bd1 Bc4 23. Re1 Rfe8 24. Bc2 Rbd8 25. Rad1 f6 26. f3 g6 27.
Kf2 Kf7 28. Rxd8 Rxd8 29. Rd1 Rxd1 30. Bxd1 Ke6 31. Ke3 f5 32. f4 h6 33. h4
exf4+ 34. Kxf4 Kf6 35. g3 g5+ 36. Ke3 gxh4 37. gxh4 Ke5 38. Bf3 a5 39. b4 axb4
40. cxb4 f4+ 41. Kf2 Bb3 42. Bc6 Ba4 43. Kf3 h5 44. Bd7 Bd1+ 45. Kf2 Ba4 46.
Be8 Ke4 47. Bxh5 Kd4 48. Bg6 Bd1 49. Be8 Kc4 50. Bc6 Bh5 51. Bf3 Be8 52. Be2+
Kb3 53. Bxb5 Bxb5 54. h5 Kxa3 (54... Bd3 55. h6 Kxa3 56. b5) 55. h6 Kxb4 (55...
Bd3 56. b5) 56. h7 Bc4 57. h8=Q f3 58. Kxf3 Kc5 59. Ke4 Bd5+ 60. Ke5 Bc6 61.
Qc8 Kb5 62. Kd6 1-0

[Event "Vaujany Accession"]
[Site "?"]
[Date "2015.07.15"]
[Round "7.2"]
[White "David, Dorian"]
[Black "Guillaumat, Jean Pierre"]
[Result "1/2-1/2"]
[WhiteElo "1730"]
[BlackElo "1828"]
[PlyCount "117"]

1. b4 d5 2. Bb2 Nf6 3. Nf3 Bf5 4. e3 e6 5. a3 Nbd7 6. c4 c6 7. Nc3 Be7 8. Be2
dxc4 9. Bxc4 Nb6 10. Be2 Bd3 11. Ne5 Bxe2 12. Qxe2 (12. Nxe2) 12... O-O 13. h3
Qc7 14. Nf3 Rad8 15. g4 Nbd5 16. g5 Nxc3 17. Bxc3 Ne4 18. Qc4 Nxc3 19. Qxc3 Qd6
20. Ke2 Qd5 21. h4 c5 22. bxc5 Bxc5 23. h5 Rfe8 24. g6 h6 25. gxf7+ Kxf7 26.
Ne5+ Kg8 27. Rhg1 Bf8 28. f3 Qb5+ 29. Kf2 Rc8 30. Rab1 Qxb1 31. Rxb1 Rxc3 32.
dxc3 b6 33. Nc6 Rc8 34. Nxa7 Rxc3 35. Nb5 Rc2+ 36. Kg3 Bc5 37. Kf4 Kf7 38. Rb3
Kf6 39. Rc3 Rxc3 40. Nxc3 Bxa3 41. Ne4+ Ke7 42. Nc3 Bb4 43. Nb5 Kf6 44. e4 Bd2+
45. Kg4 Ke5 (45... e5 46. Nc7 Ba5 47. Nd5+ Ke6) 46. Kg3 Bb4 47. Kg4 Be1 48. Nc7
Kd6 49. Nb5+ Ke5 50. Nc7 Kf6 51. Ne8+ Ke7 52. Nc7 Bf2 53. e5 Be3 54. f4 Bc5 55.
Nb5 Kd7 56. Na7 Kc7 57. Kf3 Kb7 58. Nb5 Kc6 59. Na7+ 1/2-1/2

[Event "Vaujany Accession"]
[Site "?"]
[Date "2016.07.15"]
[Round "7.3"]
[White "Trin, Pierre"]
[Black "Skomorokhina, Ekaterina"]
[Result "0-1"]
[WhiteElo "1756"]
[BlackElo "1730"]
[PlyCount "54"]

1. e4 c5 2. Nc3 g6 3. f4 Bg7 4. Nf3 Nc6 5. Bc4 e6 6. O-O Nge7 7. d3 O-O 8. a3
d5 9. exd5 exd5 10. Ba2 Nd4 11. Nxd4 cxd4 12. Ne2 Nf5 13. c3 dxc3 14. Nxc3 d4
15. Ne4 Ne3 16. Bxe3 dxe3 17. Qe2 Qd4 18. Rac1 Bf5 19. Rc4 Qxb2 20. Rc2 Qxa3
21. Qxe3 Rad8 22. Qe2 Rxd3 23. Ng5 Re3 24. Qc4 Bxc2 25. Nxf7 Bb3 26. Nh6+ Kh8
27. Bxb3 Qxb3 0-1

[Event "Vaujany Accession"]
[Site "?"]
[Date "2015.07.15"]
[Round "7.4"]
[White "Billotti, Romain"]
[Black "Lees, Jean Pierre"]
[Result "1-0"]
[WhiteElo "1826"]
[BlackElo "1779"]
[PlyCount "102"]
[EventDate "2015.07.08"]

1. d4 Nf6 2. c4 e6 3. Nf3 b6 4. g3 Bb7 (4... Ba6 {est aujourd'hui a variante
principale, mais Fb7 reste une variante solide} 5. b3 Bb4+ {pour forcer le fou
a venir en d2 ou il sera mal place} 6. Bd2 (6. Nbd2 Bc3 7. Rb1 Bb7 8. Bb2 Ne4 {
donne une forte initiative aux noirs} 9. Rg1 Qf6) 6... Be7 7. Bg2) 5. Bg2 Be7
6. O-O O-O 7. Nc3 {les blancs visent a gagner le controle de e4 par Dc2 au
coup suivant} Ne4 {le coup le plus populaire et certainement le meilleur 
(manoeuvre desimplificat ion due ) Capablanca)} 8. Qc2 (8. Bd2 {est l'autre
alternative}) 8... Nxc3 {force} 9. Qxc3 c5 (9... f5 {est la suite la plus
logique et la plus conforme a l'esprit de la variante.} 10. Ne1 {afin de
preparer la manoeuvre e5, ce qui reclame au prealable l'echange des fous} (10.
b3 Bf6 11. Bb2) (10. Rd1 Bf6 (10... d6)) (10. d5 exd5 (10... Bf6) 11. Ne1)
10... Bxg2 11. Nxg2 Bf6) 10. Be3 (10. Rd1 d6 11. b3 (11. dxc5 bxc5 12. b3 Nc6
13. Bb2 Bf6 14. Qd2 Bxb2 15. Qxb2 Qe7)) 10... Bf6 (10... d6 11. Rfd1) 11. Qd2
cxd4 12. Bxd4 (12. Nxd4) 12... Bxd4 13. Qxd4 (13. Nxd4) 13... Qe7 14. Rfd1 d5
15. cxd5 exd5 $2 {mal inspire} (15... Bxd5 16. e4 Bb7) 16. Ne5 Nc6 17. Nxc6
Bxc6 18. Rac1 Bb7 19. e3 Rfd8 20. Rc2 Rd7 21. Rcd2 Rad8 22. e4 Qd6 23. exd5 Re7
24. Rd3 Ba6 25. Re3 Rc7 26. Rde1 Rf8 27. Qe5 Rd7 28. Qxd6 Rxd6 29. Re7 Bc4 30.
Rxa7 Rfd8 (30... Bxd5 31. Rd1 Rfd8) 31. Ree7 Rf6 32. b3 Bb5 33. Bf1 Be8 34. a4
Rfd6 35. Bc4 h6 36. a5 bxa5 37. Rxa5 Bd7 38. Ra6 Rxa6 39. Bxa6 Kf8 40. Re3 Rb8
41. Bc4 Rb6 (41... Bh3 42. f3 Ra8) 42. Kf1 Bh3+ 43. Ke2 Rf6 44. f4 g5 45. fxg5
hxg5 46. Kd2 Rf2+ 47. Kc3 Rxh2 48. Kd4 Bd7 49. Kc5 Rh6 50. d6 Rf6 51. b4 Rf1
1-0

[Event "Vaujany Accession"]
[Site "?"]
[Date "2015.07.15"]
[Round "7.5"]
[White "Kovacs, Miklos"]
[Black "Koltai, Daniel"]
[Result "0-1"]
[WhiteElo "1826"]
[BlackElo "1680"]
[PlyCount "24"]

1. e4 c5 2. Nf3 d6 3. d4 cxd4 4. Nxd4 Nf6 5. Nc3 g6 6. Be3 Bg7 7. f3 O-O 8. Qd2
Nc6 9. Bc4 Bd7 10. g4 Ne5 11. Bb3 b5 12. Ndxb5 $4 (12. Ncxb5 Bxb5 $19 13. O-O-O
) 12... Nxf3+ 0-1

[Event "Vaujany Accession"]
[Site "?"]
[Date "2015.07.15"]
[Round "7.6"]
[White "Poulet, Benoit"]
[Black "Saya, Ethan"]
[Result "1/2-1/2"]
[WhiteElo "1815"]
[BlackElo "1627"]
[PlyCount "81"]

1. d4 Nf6 2. c4 e6 3. Nc3 Bb4 4. e3 O-O (4... c5) (4... b6) (4... Nc6) 5. Bd3
d5 6. Nge2 c5 7. cxd5 cxd4 8. Nxd4 Nxd5 9. Qc2 h6 10. Bd2 Nxc3 11. Bxc3 Bxc3+
12. Qxc3 Bd7 13. Rd1 Qg5 14. Be4 Nc6 15. h4 Qe5 16. Bf3 Rac8 17. Ne2 Rfd8 18.
g4 Qxc3+ 19. Nxc3 Ne5 20. Be2 Bc6 21. Rh3 Rxd1+ 22. Kxd1 Rd8+ 23. Kc2 a6 24. f4
Nd7 25. b4 Nf6 26. a4 Nd5 27. b5 Nxc3 28. Kxc3 axb5 29. axb5 Be8 30. e4 Rc8+
31. Kb4 Rc5 32. Rc3 Rxc3 33. Kxc3 Kf8 34. Kd4 b6 35. g5 Ke7 36. f5 hxg5 37.
hxg5 exf5 38. exf5 Kd6 39. Bc4 f6 40. g6 Bd7 41. Bd3 1/2-1/2

[Event "Vaujany Accession"]
[Site "?"]
[Date "2015.07.16"]
[Round "8.1"]
[White "Skomorokhina, Ekaterina"]
[Black "David, Bogdan"]
[Result "1/2-1/2"]
[WhiteElo "1730"]
[BlackElo "1852"]
[PlyCount "62"]

1. d4 Nf6 2. Bf4 g6 3. e3 Bg7 4. Nf3 d6 5. h3 O-O 6. Be2 Nfd7 7. O-O Nc6 8. c4
e5 9. Bh2 Ne7 10. Nc3 c6 11. b4 Re8 12. Rc1 a6 13. c5 exd4 14. exd4 d5 15. a4
b6 16. cxb6 Qxb6 17. b5 Bb7 18. bxc6 Bxc6 19. Qd3 Qa7 20. Qd2 Nf5 21. Rfd1 Bh6
22. Bf4 Bxf4 23. Qxf4 Qb8 24. Qxb8 Rexb8 25. Rb1 a5 26. Bb5 Bxb5 27. Nxb5 Nf6
28. Ne5 Rb6 29. g4 Ne7 30. Rbc1 Ne8 31. Nd7 Re6 1/2-1/2

[Event "Vaujany Accession"]
[Site "?"]
[Date "2015.07.16"]
[Round "8.2"]
[White "Guillaumat, Jean Pierre"]
[Black "Poulet , Mathieu"]
[Result "1/2-1/2"]
[WhiteElo "1828"]
[BlackElo "1696"]
[PlyCount "78"]

1. d4 Nf6 2. Nf3 d5 3. c4 c6 4. e3 g6 5. Nc3 Bg7 6. Qc2 Bf5 7. Bd3 Bxd3 8. Qxd3
O-O 9. O-O Nbd7 10. Rb1 Qc7 11. b3 e6 12. h3 a6 13. Bb2 b5 14. cxd5 cxd5 15.
Rfc1 (15. Rfe1 Qb7 16. Nd2 Rfc8 17. Ne2 Ne8) 15... Qb7 16. Nd2 Rfc8 17. Ne2 Ne8
18. Rxc8 Rxc8 19. Rc1 Nd6 20. Rxc8+ Qxc8 21. Ba3 Bf8 22. Bxd6 Bxd6 23. e4 dxe4
24. Nxe4 Be7 25. Qc3 Qxc3 26. N4xc3 Bf6 27. Kf1 Kf8 28. Ke1 Ke7 29. Kd2 Kd6 30.
Kd3 Bd8 31. Ne4+ Ke7 32. Nc5 Nb8 33. b4 a5 34. a3 axb4 35. axb4 Nc6 36. Na6 Bb6
37. f3 Kd6 38. Kc3 g5 39. Kd3 h6 1/2-1/2

[Event "Vaujany Accession"]
[Site "?"]
[Date "2015.07.16"]
[Round "8.3"]
[White "Koltai, Daniel"]
[Black "Billotti, Romain"]
[Result "0-1"]
[WhiteElo "1680"]
[BlackElo "1826"]
[PlyCount "68"]

1. e4 c5 2. Nf3 Nc6 3. d4 cxd4 4. Nxd4 e5 5. Nb5 d6 6. N1c3 a6 7. Na3 b5 8. Nd5
Be7 9. Be3 Rb8 10. Be2 Nf6 11. Nxf6+ Bxf6 12. O-O Be6 13. c3 O-O 14. Nc2 d5 15.
Bf3 d4 16. cxd4 exd4 17. Bf4 d3 18. Bxb8 dxc2 19. Qxd8 Rxd8 20. e5 Nxe5 21.
Bxe5 Bxe5 22. Rac1 Bf5 23. b3 Bd3 24. Rfe1 Bb2 25. g3 Bxc1 26. Rxc1 a5 27. Bg4
f5 28. Bh5 g6 29. Bf3 Be4 30. Be2 Rd2 31. Kf1 Bd3 32. Bxd3 Rd1+ 33. Ke2 Rxc1
34. Kd2 Rh1 0-1

[Event "Vaujany Accession"]
[Site "?"]
[Date "2015.07.16"]
[Round "8.4"]
[White "Djidjeli, Sofiane"]
[Black "David, Dorian"]
[Result "0-1"]
[WhiteElo "1724"]
[BlackElo "1730"]
[PlyCount "78"]

1. e4 a6 2. d4 b5 3. Bd3 Bb7 4. Nf3 e6 5. Qe2 Nf6 6. O-O c5 7. dxc5 Bxc5 8. e5
Nd5 9. a4 b4 10. c4 bxc3 11. Nxc3 Nb4 12. Ne4 Be7 13. Nfd2 d5 14. exd6 Bxd6 15.
Nc4 Be7 16. Rd1 Bd5 17. Be3 Bxc4 18. Bxc4 Qc7 19. Rac1 N8c6 20. Qg4 g6 21. Bxe6
$1 O-O (21... fxe6 22. Qxe6 Rd8 (22... Qc8 23. Nd6+) 23. Nf6+ Kf8 24. Bh6#) 22.
Bb3 Qe5 23. Nc3 Rad8 24. Re1 $2 Nd3 25. Bd2 Nxe1 26. Rxe1 Qg7 27. Bf4 Bf6 28.
Ne2 Rfe8 29. Be3 Bxb2 30. Qc4 Nd4 31. Nxd4 Bxd4 32. Qxa6 Bxe3 33. fxe3 Qc3 34.
Bxf7+ Kxf7 35. Rf1+ Kg8 36. Kh1 Qxe3 37. Qb7 Qe7 38. Qb3+ Qe6 39. Qb7 Rd1 0-1

[Event "Vaujany Accession"]
[Site "?"]
[Date "2015.07.16"]
[Round "8.5"]
[White "Saya, Ethan"]
[Black "Plug, Arjan"]
[Result "1-0"]
[WhiteElo "1624"]
[BlackElo "1862"]
[PlyCount "123"]

1. e4 e6 2. d4 d5 3. Nc3 h6 4. f4 Bb4 5. e5 c5 6. Bd2 Bd7 7. Nb5 Bxb5 8. Bxb5+
Nc6 9. c3 Ba5 10. dxc5 Nge7 11. Qg4 O-O 12. b4 Bc7 13. Nf3 d4 14. Rd1 Nf5 15.
Bxc6 bxc6 16. cxd4 a5 17. a3 axb4 18. axb4 Ra2 19. O-O Qd5 20. Kh1 Rb8 21. Ra1
Rxd2 22. Nxd2 Ne3 23. Qf3 Nxf1 24. Qxd5 exd5 25. Nxf1 Rxb4 26. Ra7 Bb8 27. Ra8
Kf8 28. g3 Ke8 29. Ne3 g6 30. f5 Ke7 31. fxg6 fxg6 32. Kg2 Kd7 33. Kf3 h5 34.
g4 hxg4+ 35. Nxg4 Bc7 36. Rg8 Rxd4 37. Rg7+ Kd8 38. Rxg6 Re4 39. Rxc6 Bxe5 40.
Nxe5 Rxe5 41. h4 Kd7 42. Rd6+ Kc7 43. Kf4 Re4+ 44. Kg5 Re5+ 45. Kg6 d4 46. Rxd4
Rxc5 47. h5 Rc6+ 48. Kg7 Rc1 49. Rd5 Rg1+ 50. Kf6 Rh1 51. Kg6 Kc6 52. Rg5 Rd1
53. h6 Rd6+ 54. Kg7 Rd7+ 55. Kf8 Rh7 56. Rg6+ Kd5 57. Kg8 Rb7 58. Rf6 Ke5 59.
Rf7 Rb8+ 60. Rf8 Rb1 61. h7 Rg1+ 62. Kf7 1-0

[Event "Vaujany Accession"]
[Site "?"]
[Date "2015.07.16"]
[Round "8.7"]
[White "Baudewyn, Ludovic"]
[Black "Poulet, Benoit"]
[Result "0-1"]
[WhiteElo "1808"]
[BlackElo "1815"]
[PlyCount "112"]

1. d4 d5 2. c4 c6 3. Nf3 Nf6 4. Nc3 dxc4 5. a4 Bf5 6. e3 e6 7. Bxc4 Bb4 8. O-O
O-O 9. Qe2 Nbd7 (9... Bg6 10. Ne5 Nbd7 11. Nxg6 hxg6 12. Rd1) 10. e4 Bg6 (10...
Bxc3 11. exf5 Bb4 12. fxe6 fxe6 13. Qxe6+ Kh8 14. Ng5) 11. Bd3 Bh5 {menace e5}
(11... h6 {est l'autre alternative}) 12. e5 (12. Bf4 Re8 13. e5 Nd5 14. Nxd5
cxd5 15. h3) 12... Nd5 13. Nxd5 (13. Ne4 {est également possible}) 13... cxd5
14. Qe3 Be7 {juqu'ici les deux aversaires ont suivi la théorie} 15. Ne1 {cette
suite, avec le plan f4 et f5, est particulièrement dangereuse quand les noirs
ont joué h6, ce qui n'est pas le cas ici} (15. Ng5 Bxg5 16. Qxg5 Bg6 (16...
Qxg5 17. Bxg5 Bg6 18. Bb5 h6 19. Bxd7 hxg5 20. Rfc1 Bd3 21. Rc7 a5 22. Ra3 Ba6
23. Rg3 Rab8 24. Rxg5 b5 25. axb5 Bxb5 26. Bxe6 Bc4 (26... fxe6 27. Rgxg7+ Kh8
28. Rh7+ Kg8 29. Rcg7#) 27. h4 Rxb2 28. Bd7 Re2 29. e6 a4 30. Re5 Rxe5 31. dxe5
fxe6 32. Bxe6+ Kh7 33. Ra7 Kg6 34. g4 Kh6 35. Bf7 {1-0 (35) Onischuk,A (2668)
-Shankland,S (2634) Saint Louis 2014}) 17. Bxg6 fxg6 18. Qg4) (15. Bd2) 15...
Bg6 16. Bxg6 hxg6 17. f4 Nb8 18. Bd2 Nc6 19. Rb1 Qb6 20. Nf3 Rfc8 21. Rfc1 Rc7
22. b4 Rac8 23. b5 Na5 24. Qe1 Rxc1 25. Rxc1 Rxc1 26. Qxc1 Nc4 27. Be1 Ba3 28.
Qc2 a6 29. Qb3 Bb2 30. Bf2 axb5 31. axb5 Qa5 32. g3 Bc3 33. g4 Na3 34. f5 gxf5
35. gxf5 Nxb5 36. Kg2 Qb4 37. Qxb4 Bxb4 38. fxe6 fxe6 39. Ng5 Nc7 40. Kf3 Bd2
41. Nh3 b5 42. Ke2 Bc3 43. Nf4 b4 44. Kd3 Nb5 45. Ne2 Ba1 46. Kc2 Nc3 47. Nc1 (
47. Nxc3 Bxc3 48. Kd3 Kf7 49. Be3 Kg6 50. Bd2 Bxd2 51. Kxd2 Kf5 52. Kd3 Kf4 53.
Kc2 Ke4 {etc}) 47... Ne4 48. Be3 Bc3 49. Nd3 Kf7 50. Kb3 Nd2+ 51. Bxd2 Bxd2 52.
Nxb4 g5 53. Na6 g4 54. Kc2 Bf4 55. Kd3 Bxh2 56. Ke2 Bg1 0-1

[Event "Vaujany Accession"]
[Site "?"]
[Date "2015.07.16"]
[Round "8.8"]
[White "Lees, Jean Pierre"]
[Black "Trin, Pierre"]
[Result "1/2-1/2"]
[WhiteElo "1779"]
[BlackElo "1756"]
[PlyCount "79"]
[EventDate "2015.07.08"]

1. d4 Nf6 2. c4 g6 3. Nc3 Bg7 4. e4 d6 5. Be2 O-O 6. Nf3 e5 7. O-O Nc6 8. d5
Ne7 9. Ne1 a5 10. Nd3 (10. Be3 {est egalement une option possible} Nd7 11. Nd3
f5 12. f3 f4 13. Bf2 b6 14. a3 g5 15. b4 h5 16. c5 axb4 17. axb4 Rxa1 18. Qxa1
bxc5 19. bxc5 Nf6 20. Qa5 g4 21. Nb5 Ne8 (21... gxf3 22. Bxf3 Nexd5 23. Qa2 Kh7
24. exd5 e4 25. Nxf4 exf3 26. Qc2+ Kg8 27. Bd4 dxc5 28. Bxc5 fxg2 29. Qxg2 Rf7
30. Ne6 {1/2-1/2 (30) Burgess,G (2350)-Ziska,B Aarhus 1989}) 22. cxd6 Nxd6 23.
Nc5 c6 24. Qxd8 Rxd8 25. Bh4 Kf7 26. Na7 Bf6 27. Bxf6 Kxf6 28. dxc6 Rg8 29. Rd1
Nf7 30. Nd7+ Bxd7 31. Rxd7 gxf3 32. Bxf3 Ng5 33. Kf1 Nc8 34. Nb5 Nxf3 35. gxf3
Ne7 36. c7 Ra8 37. Rxe7 {1-0 (37) Gurevich,D (2480)-Simms,G Chicago 1989})
10... Nd7 11. Bd2 f5 12. f3 (12. Rc1 Kh8 (12... b6 13. f3 f4 14. g4 fxg3 (14...
g5 15. a3 Ba6 (15... Rf6 16. b4 axb4 17. axb4 Bb7 18. Nb5 c6 19. dxc6 Bxc6 20.
Qb3 Kh8 21. Nc3 h5 22. h3 Rh6 23. Kg2 h4 24. Rfd1 Bf8 25. Be1 Rh7 26. Bf2 Nc8
27. c5 Qf6 28. b5 dxc5 29. bxc6 Qxc6 30. Nd5 b5 31. Qc3 Bd6 32. Bxc5 Ra2 33.
Bxd6 Rxe2+ 34. Kf1 {1-0 (34) Takac,Z (2142)-Klement,D (1939) Zagreb 2007}) 16.
Nf2 Ng6 17. b4 axb4 18. axb4 Rf7 19. Qb3 Rb8 20. Ra1 Bb7 21. Ra7 Bf8 22. Rb1
Ne7 23. Be1 Nc8 24. Ra2 Be7 25. Nd3 Qf8 26. Bf1 h5 27. h3 Rh7 28. Nb5 hxg4 29.
hxg4 Qh6 30. Bg2 Bd8 31. c5 bxc5 32. bxc5 Nxc5 33. Nxc5 dxc5 34. d6+ Kh8 35.
dxc7 Bxc7 36. Nxc7 Ba6 37. Nxa6 Rxb3 38. Rxb3 Nb6 39. Nxc5 Qd6 40. Bf2 Rc7 41.
Rab2 Nc4 42. Rd3 Qf8 43. Rc2 Rxc5 44. Rdc3 Rc8 45. Rxc4 Rxc4 46. Rxc4 Qd6 47.
Bf1 Kg7 48. Rc5 Kf6 49. Rd5 Qa3 50. Kg2 Qb3 51. Rd6+ Kg7 52. Bc4 Qb4 53. Rd7+
Kf6 54. Bf7 Qf8 55. Bh5 Ke6 56. Rh7 Kd6 57. Bf7 Qe7 58. Rh6+ Kc7 59. Bb6+ Kd7
60. Be6+ Kc6 61. Bc4+ Kd7 62. Bb5+ Kc8 63. Bc6 {1-0 (63) Kislik,E (2347)-Foo,B
(2195) Budapest 2011}) 15. hxg3 Nc5 16. Kg2 h6 17. Rh1 g5 18. Nf2 Ng6 19. Qg1
Qf6 20. Rf1 Rf7 21. Ncd1 Bf8 22. Qh2 Rh7 23. Qh5 Qg7 24. Ne3 Qf7 25. Nfg4 Bd7
26. Rf2 Nh4+ 27. gxh4 Qg7 28. hxg5 {1-0 (28) Mazoch,J (2111)-Nemcova,K (2009)
Prague 2005})) 12... f4 13. Rc1 g5 14. Nb5 b6 15. a3 Nf6 16. b4 axb4 17. axb4
Bd7 18. Nc3 h5 19. c5 bxc5 20. bxc5 g4 21. cxd6 cxd6 22. Rb1 Ng6 23. Kh1 g3 24.
hxg3 fxg3 25. Bg5 Bh6 26. Qd2 Nf4 27. Bh4 Kh7 28. Nxf4 Bxf4 29. Qb2 Rg8 30. Qb6
Qf8 31. Nb5 Bxb5 32. Bxb5 Ng4 33. fxg4 hxg4 34. Qb7+ Kh8 35. Qe7 Qxe7 36. Bxe7
Rg6 37. Rfe1 Kg8 38. Bc6 Ra2 39. Rb8+ Kh7 40. Rb7 1/2-1/2

[Event "Vaujany Accession"]
[Site "?"]
[Date "2015.07.17"]
[Round "9.1"]
[White "Billotti, Romain"]
[Black "David, Bogdan"]
[Result "1/2-1/2"]
[WhiteElo "1826"]
[BlackElo "1852"]
[PlyCount "92"]

1. e4 d6 2. d4 Nf6 3. Nc3 g6 4. Bg5 Bg7 5. f4 c6 6. Qd2 b5 7. Bd3 Bb7 8. Nf3 a6
9. O-O O-O 10. e5 dxe5 11. fxe5 Nd5 12. Nxd5 cxd5 13. Qe3 Nc6 14. c3 Na5 15.
Bh6 Nc4 16. Qg5 f6 17. Qh4 Nxb2 18. Bf5 Bc8 19. Bc2 Nc4 20. Rae1 Ra7 21. Re2 e6
22. Ref2 fxe5 23. Qxd8 Rxd8 24. Bxg7 Kxg7 25. Nxe5 Nxe5 26. dxe5 Rc7 27. g4
Rxc3 28. Rf7+ Kg8 29. Bb1 Rd7 30. Rf8+ Kg7 31. g5 Rdc7 32. Rd8 Rc1 33. Bd3
Rxf1+ 34. Kxf1 b4 35. Ke2 a5 36. Kd2 a4 37. Rd6 b3 38. axb3 axb3 39. Rb6 Rb7
40. Rxb7+ Bxb7 41. Kc3 Kf7 42. Kxb3 Ke7 43. Kb4 Bc6 44. h4 Be8 45. Bc2 Kd8 46.
Kc5 Kc7 1/2-1/2

[Event "Vaujany Accession"]
[Site "?"]
[Date "2015.07.17"]
[Round "9.2"]
[White "David, Dorian"]
[Black "Skomorokhina, Ekaterina"]
[Result "0-1"]
[WhiteElo "1730"]
[BlackElo "1730"]
[PlyCount "103"]

1. b4 d5 2. Bb2 Bg4 3. Nf3 Nd7 4. h3 Bxf3 5. exf3 Ngf6 6. c4 e6 7. a3 c6 8. f4
Bd6 9. g3 O-O 10. d3 c5 11. b5 a6 12. Be2 axb5 13. cxb5 Qa5+ 14. Qd2 Qxb5 15.
Nc3 Qa5 16. O-O d4 17. Nb1 Qxd2 18. Nxd2 Nb6 19. Rfb1 Na4 20. Nc4 Bc7 21. Bd1
b5 22. Nd2 Nxb2 23. Rxb2 Ba5 24. Raa2 Bxd2 25. Rxd2 Nd5 26. Ra1 Nc3 27. Bf3 Ra5
28. Rb2 b4 29. Rb3 Rc8 30. Kf1 Kf8 31. Ke1 Ke7 32. Kd2 Nb5 33. Rc1 Rxa3 34.
Rxb4 Ra2+ 35. Ke1 (35. Kd1 Rxf2) 35... cxb4 36. Rxc8 b3 37. Rb8 b2 38. Rxb5
Ra1+ 39. Bd1 b1=Q 40. Rxb1 Rxb1 41. Kd2 (41. h4 f5) 41... Kd6 42. h4 f5 43. Bc2
Rb6 44. Ba4 Rb2+ 45. Ke1 e5 46. fxe5+ Kxe5 47. Bc6 Kd6 48. Bg2 Kc5 49. Bh3 g6
50. Bg2 Kb4 51. Bd5 Kc3 52. Bg8 0-1

[Event "Vaujany Accession"]
[Site "?"]
[Date "2015.07.17"]
[Round "9.3"]
[White "Roche, Yves"]
[Black "Guillaumat, Jean-Pierre"]
[Result "0-1"]
[WhiteElo "1833"]
[BlackElo "1828"]
[PlyCount "26"]

1. e4 c5 2. Nf3 e6 3. d4 cxd4 4. Nxd4 a6 5. Be2 Nf6 6. Qd3 Qc7 7. O-O Nc6 8.
Be3 b5 9. Nc3 Bb7 10. a3 Rc8 11. Rad1 Be7 12. h3 O-O 13. Rd2 $4 Ne5 0-1